Flag Selection: The Americas Quiz Stats

 Plays Quiz Updated Apr 23, 2018

Challenge
Share
Tweet
Score 0/20 Timer 03:00
4 Plays Today
% Correct
United
States
95.2%
Brazil
93.8%
Canada
92.8%
Mexico
91.4%
Argentina
89.4%
Jamaica
88.6%
Uruguay
87.1%
Cuba
86.5%
Chile
85.7%
Panama
85.4%
% Correct
Ecuador
81.2%
Venezuela
80.6%
Colombia
78.9%
Paraguay
77.5%
Honduras
76.2%
Guatemala
76%
Peru
72.1%
Trinidad and
Tobago
69.8%
Guyana
67.2%
Haiti
67.1%

You're not logged in!

Compare scores with friends on all Sporcle quizzes.
OR
Log In

You Might Also Like...

Show Comments

Extras

Top Quizzes Today


Score Distribution

Your Account Isn't Verified!

In order to create a playlist on Sporcle, you need to verify the email address you used during registration. Go to your Sporcle Settings to finish the process.

Report this User

Report this user for behavior that violates our Community Guidelines.

Details: